[Event "36th Cappelle Open 2020"]
[Site "Cappelle-la-Grande"]
[Date "2020.02.22"]
[Round "1.11"]
[White "Kienitz, Andre"]
[Black "Enchev, Ivajlo"]
[Result "1/2-1/2"]
[WhiteElo "2114"]
[BlackElo "2496"]
[Annotator "TA"]
[PlyCount "208"]
[EventDate "2020.02.22"]
[EventType "swiss"]
[EventCountry "FRA"]
[SourceTitle "playchess.com"]
[Source "ChessBase"]
[SourceQuality "1"]

{[%evp 17,207,52,47,48,73,53,68,56,65,15,19,8,6,11,35,30,65,14,22,18,34,31,21,0,47,22,61,55,112,108,319,328,289,47,47,47,39,16,16,22,28,0,0,0,0,0,0,0,0,-620,-617,-454,-613,-579,-560,-546,-416,-612,-605,-587,-546,-1612,-12826,-10252,-5407,-12839,-12839,-12843,-12833,-12834,-12834,-12836,-12833,-12834,-12834,-12835,-12835,-12835,-12836,-12189,0,-12837,-12838,-12840,-12838,-12839,-12839,-12840,-12838,-12841,-12842,-12842,-12843,-12843,-12843,-12844,-12843,-12844,-12844,-12845,-12836,-12837,-12835,-12835,-12835,-12835,-12835,-12836,-12836,-12837,-12836,-12839,-12837,-12837,-12837,-12839,-12839,-12840,-12840,-12846,-12847,-12847,-12847,-12848,-12847,-12848,-12848,-12851,-27986,-27987,-27987,-27988,-27987,-27991,-27986,-27992,-27992,-27993,-27991,-27992,-27990,-27991,-27990,-27991,-27991,-27992,-27992,-27993,-27991,-27992,-27991,-27992,0,0,0,0,0,0,0,0,0,0,0,0,0,0,0,0,0,0,0,0,0,0,0,0,0,0,0,0,0,0,0,0,0,0,0,0,0,0,0,0]} 1. e4 e5 2. Nf3 Nc6 3. Nc3 Nf6 4. d4 Bb4 5. Nxe5 Qe7 6. Qd3 Nxe5 7. dxe5 Qxe5 8. Bd2 O-O 9. O-O-O d6 10. f3 {C47: Scotch Four Knights and Four Knights with 4 g3.} c6 {[#]} 11. g4 $146 ({Predecessor:} 11. Kb1 Rd8 12. Be2 b5 13. f4 Qe7 14. Bf3 a5 15. Nxb5 Ba6 16. c4 cxb5 17. cxb5 Bb7 {0-1 (32) Davletbayeva,M (2286)-Tokhirjonova,G (2414) Tashkent 2019}) 11... d5 12. exd5 {White is slightly better.} Rd8 {[%cal Rf6d5]} 13. Qc4 Nxd5 14. Bf4 {[%mdl 64] Pin} Qe7 15. Nxd5 cxd5 16. Qc7 Bd7 {With the idea ...Rac8.} 17. Qe5 ({Reject} 17. Rxd5 Rac8 $11) ({White should play} 17. Qxb7 $14 Ba5 18. Bd3 (18. Rxd5 $2 Qe1+ 19. Rd1 Qxd1+ 20. Kxd1 Bc6+ 21. Kc1 Bxb7 $19)) 17... Be6 18. Bd3 d4 19. Qe4 g6 $1 20. Kb1 Rac8 21. h4 Rd5 22. h5 {[%cal Rh5g6]} Ra5 (22... Rd7 $14) 23. b3 $1 $16 {[%cal Rh5g6]} ({Worse is} 23. Qxd4 Rd8 $17) (23. hxg6 Bxa2+ 24. Kc1 fxg6 $15) 23... f5 $2 (23... Bd5 $16 {was called for.} 24. Qxe7 Bxe7) 24. gxf5 ({Much less strong is} 24. Qxd4 $6 Bc3 $18) 24... Bxf5 25. Qxe7 $2 (25. Qxd4 $18 {Threatens to win with hxg6.} Bxd3 26. Qxd3) 25... Bxe7 $14 26. hxg6 hxg6 27. Bc4+ {[%mdl 64] Discovered Attack} Rxc4 $1 28. bxc4 Bf6 29. Bc1 {And now Bb2 would win.} Ra4 30. Bb2 Rxc4 31. Rh2 Kf7 32. Rhd2 b5 33. Bxd4 $2 {[%mdl 8192]} (33. f4 $11) 33... Bxd4 $19 34. Rxd4 Bxc2+ {[%mdl 64] Double Attack} 35. Kb2 {Black must now prevent R1d2.} Bxd1 36. Rxd1 {[%mdl 4096] Endgame KR-KR} Ke6 37. Kb3 (37. Rd8 $142 Rf4 38. Ra8) 37... Rf4 38. Rd3 a5 39. a3 a4+ (39... Rc4 $142 40. Kb2 g5) 40. Kc2 b4 41. axb4 Rxb4 42. Ra3 Kd5 43. Kd2 Kc5 44. Kc2 Kd4 45. Kd2 Kc4 46. Kc2 Kb5 47. Re3 Rc4+ $1 48. Kb2 Rc6 $1 49. Ka3 $2 {[%mdl 8192]} (49. Re4 $11) 49... Kc4 50. Kb2 Rb6+ 51. Kc2 Ra6 52. Ra3 Ra8 53. Kb2 Kd4 54. Kc2 Ke5 55. Kd2 Kf4 56. Ke2 Kg3 57. Kf1 Ra6 58. Kg1 Kf4 59. Kf2 Ke5 60. Ke3 Kd5 61. Kd3 Kc5 62. Kc3 Kb5 63. Kc2 Kc4 64. Kc1 Kb4 65. Kb2 Ra8 66. Re3 {[#]} a3+ $1 67. Ka2 {[#]} Ra6 $1 68. f4 Kc4 69. Re5 Kd4 70. Re2 Kd3 71. Re1 Rf6 72. Kxa3 Rxf4 73. Rg1 Rf6 74. Kb4 Kd4 75. Kb3 Rc6 76. Rg2 Ke4 77. Rg1 Kf4 78. Rf1+ Kg5 79. Rg1+ Kh6 80. Rh1+ Kg7 81. Rg1 Rc7 82. Kb4 Rc2 83. Kb3 Rc5 84. Kb4 Re5 85. Kc4 {The position is equal.} Kf6 86. Kd4 g5 87. Rf1+ Rf5 88. Rg1 Rf3 89. Ke4 $1 Ra3 90. Rf1+ Kg6 91. Rf3 Ra2 92. Rf1 Ra8 93. Kf3 Rf8+ 94. Kg2 Rxf1 (94... Re8 {with more complications.}) 95. Kxf1 $11 {KP-K} Kf5 96. Kg1 Ke4 97. Kg2 Kf4 98. Kf2 g4 99. Kg2 g3 (99... Ke3 $5) 100. Kg1 Ke3 (100... Ke4 $5) 101. Kg2 Kf4 102. Kg1 Kf3 (102... Ke3 $5) 103. Kf1 g2+ 104. Kg1 Kg3 {Quite a comeback for White. Accuracy: White = 82%, Black = 67%.} 1/2-1/2

[Event "36th Cappelle Open 2020"]
[Site "Cappelle-la-Grande"]
[Date "2020.02.22"]
[Round "1.12"]
[White "Sadikhov, Ulvi"]
[Black "Lacrosse, Marc"]
[Result "1-0"]
[WhiteElo "2496"]
[BlackElo "2113"]
[Annotator "ChessBase"]
[PlyCount "33"]
[EventDate "2020.02.22"]
[EventType "swiss"]
[EventCountry "FRA"]
[SourceTitle "playchess.com"]
[Source "ChessBase"]
[SourceQuality "1"]
[TimeControl "40/5400+30:1800+30"]

1. e4 {[%emt 0:10:22]} e5 {[%emt 0:01:21]} 2. Nf3 {[%emt 0:00:09]} Nc6 {[%emt 0:00:12]} 3. Bc4 {[%emt 0:00:51]} Bc5 {[%emt 0:00:48]} 4. c3 {[%emt 0:00:18]} Nf6 {[%emt 0:00:40]} 5. d3 {[%emt 0:00:06]} a6 {[%emt 0:01:37]} 6. Bb3 {[%emt 0:00:26]} Ba7 {[%emt 0:01:13]} 7. Nbd2 {[%emt 0:00:41]} O-O {[%emt 0:01:31]} 8. h3 {[%emt 0:00:28]} h6 {[%emt 0:11:53]} 9. Nf1 {[%emt 0:01:57]} d5 {[%emt 0:01:43]} 10. Qe2 {[%emt 0:00:13]} Re8 {[%emt 0:04:00]} 11. g4 {[%emt 0:03:18]} dxe4 {[%emt 0:19:42]} 12. dxe4 {[%emt 0:04:04]} Na5 {[%emt 0:16:08]} 13. Bc2 {[%emt 0:01:23]} Bd7 {[%emt 0:06:10]} 14. Bd3 {[%emt 0:01:19]} Bb5 {[%emt 0:03:13]} 15. Bxb5 {[%emt 0:02:36]} axb5 {[%emt 0:00:07]} 16. Ng3 {[%emt 0:03:21]} b4 {[%emt 0:16:06]} 17. g5 {[%emt 0:06:11]} 1-0

[Event "36th Cappelle Open 2020"]
[Site "Cappelle-la-Grande"]
[Date "2020.02.23"]
[Round "2.1"]
[White "Bauer, Christian"]
[Black "Dardha, Arben"]
[Result "*"]
[WhiteElo "2630"]
[BlackElo "2297"]
[Annotator "TA"]
[PlyCount "28"]
[EventDate "2020.02.22"]
[EventType "swiss"]
[EventCountry "FRA"]
[SourceTitle "playchess.com"]
[Source "ChessBase"]
[SourceQuality "1"]

{[%evp 9,14,0,0,0,0,-3,-2]} 1. e4 c5 2. Na3 Nc6 3. Bb5 g6 4. Nf3 Bg7 5. O-O Nf6 {The position is equal.} 6. Re1 {B31: Sicilian: 2...Nc6 3 Bb5 g6.} O-O 7. c3 d5 {[#] An uneventful encounter.} {Predecessor:} 8. e5 $146 Ne8 9. Bxc6 bxc6 10. d3 Bg4 11. h3 Bxf3 12. Qxf3 Nc7 13. Qe2 Rb8 14. Nc2 Ne6 {½-½ (71) Thorsteinsdottir,G (2013)-Hill,A (2209) Reykjavik 2017} *

[Event "36th Cappelle Open 2020"]
[Site "Cappelle-la-Grande"]
[Date "2020.02.23"]
[Round "2.2"]
[White "Lim, Zhuo Ren"]
[Black "Martinez Alcantara, Jose Eduardo"]
[Result "*"]
[WhiteElo "2296"]
[BlackElo "2617"]
[Annotator "TA"]
[PlyCount "27"]
[EventDate "2020.02.22"]
[EventType "swiss"]
[EventCountry "FRA"]
[SourceTitle "playchess.com"]
[Source "ChessBase"]
[SourceQuality "1"]

{[%evp 14,27,0,0,15,16,28,0,0,0,0,0,20,15,18,1]} 1. d4 Nf6 2. c4 e6 3. Nf3 c5 4. g3 cxd4 5. Nxd4 Qc7 6. Nc3 a6 7. Bg2 Qxc4 8. O-O Qc7 {A32: Symmetrical English: 2 Nf3 Nf6 3 d4 cxd4 4 Nxd4 e6.} 9. e4 d6 10. Bg5 {next Rc1 is good for White.} Be7 {The position is equal.} 11. Rc1 Qd8 $1 12. Qe2 {[#]} h6 $146 ({Predecessor:} 12... O-O 13. Rfd1 Nbd7 14. Nf3 e5 15. Bxf6 gxf6 16. Nh4 Nb6 17. Nf5 Bxf5 18. exf5 Qd7 {1-0 (49) Akesson,J (2203)-Nielsen,D Copenhagen 2001}) 13. Be3 O-O 14. f4 {An uneventful encounter.} *

[Event "36th Cappelle Open 2020"]
[Site "Cappelle-la-Grande"]
[Date "2020.02.23"]
[Round "2.3"]
[White "Moussard, Jules"]
[Black "Olcum, Ahmet"]
[Result "*"]
[WhiteElo "2608"]
[BlackElo "2284"]
[Annotator "TA"]
[PlyCount "21"]
[EventDate "2020.02.22"]
[EventType "swiss"]
[EventCountry "FRA"]
[SourceTitle "playchess.com"]
[Source "ChessBase"]
[SourceQuality "1"]

{[%evp 13,21,43,46,43,65,49,50,40,104,68]} 1. e4 d6 2. d4 Nf6 3. Nc3 e5 4. Nf3 Nbd7 5. Bc4 Be7 6. O-O c6 7. a4 Qc7 8. h3 {C41: Philidor Defence.} h6 9. a5 Nf8 {[#]} 10. Bb3 $146 ({Predecessor:} 10. Qe2 g5 11. b3 Ng6 12. dxe5 dxe5 13. Nh2 Bb4 14. Bd2 Nf4 15. Qf3 Qe7 16. Rfd1 {1-0 (48) Zawadzka,J (2440)-Raeva,E (2249) Achaea 2016}) 10... g5 (10... Ng6 $14) 11. Qd3 {Black did not feel at home in the position after the opening.} *

[Event "36th Cappelle Open 2020"]
[Site "Cappelle-la-Grande"]
[Date "2020.02.23"]
[Round "2.4"]
[White "Dauw, Sterre"]
[Black "Nikolov, Momchil"]
[Result "*"]
[WhiteElo "2283"]
[BlackElo "2539"]
[Annotator "TA"]
[PlyCount "21"]
[EventDate "2020.02.22"]
[EventType "swiss"]
[EventCountry "FRA"]
[SourceTitle "playchess.com"]
[Source "ChessBase"]
[SourceQuality "1"]

{[%evp 10,21,14,-1,12,8,9,10,20,8,20,21,58,-6]} 1. d4 Nf6 2. c4 e6 3. Nf3 c5 4. g3 cxd4 5. Nxd4 Qc7 6. Nd2 Qb6 {[#] A32: Symmetrical English: 2 Nf3 Nf6 3 d4 cxd4 4 Nxd4 e6.} 7. Nc2 $146 ({Predecessor:} 7. N4f3 Bc5 8. e3 d5 9. Bg2 O-O 10. O-O Nc6 11. Qc2 Rd8 12. a3 a5 13. Rb1 Bd7 14. b3 {½-½ (22) Van Unen,H (2552)-Simakhin,A (2480) ICCF email 2010}) 7... Bc5 {[%csl Gb6][%cal Rc5f2] [#]} 8. e3 O-O 9. Bg2 d5 10. O-O Nc6 {[#]} 11. b3 {White took control after the opening.} (11. b4 $1 $14 {[%mdl 512]} Nxb4 (11... Bxb4 12. Rb1) 12. Bb2) *

[Event "36th Cappelle Open 2020"]
[Site "Cappelle-la-Grande"]
[Date "2020.02.23"]
[Round "2.5"]
[White "Stillger, Bernhard"]
[Black "Shchekachev, Andrei"]
[Result "*"]
[WhiteElo "2253"]
[BlackElo "2529"]
[Annotator "TA"]
[PlyCount "28"]
[EventDate "2020.02.22"]
[EventType "swiss"]
[EventCountry "FRA"]
[SourceTitle "playchess.com"]
[Source "ChessBase"]
[SourceQuality "1"]

{[%evp 9,15,54,62,59,54,25,37,24]} 1. Nf3 c5 2. c4 g6 3. d4 Bg7 4. d5 d6 5. e4 e6 6. Nc3 {A40: Unusual replies to 1 d4.} exd5 7. exd5 Bg4 8. Be2 {[#]} {Predecessor:} Ne7 $146 9. O-O O-O 10. Bf4 Nf5 11. Nd2 Bxe2 12. Nxe2 Re8 13. Ng3 Nxg3 14. hxg3 Be5 {½-½ (55) Volkov,S (2590)-Maletin,P (2572) Taganrog 2013} *

[Event "36th Cappelle Open 2020"]
[Site "Cappelle-la-Grande"]
[Date "2020.02.23"]
[Round "2.6"]
[White "Bomans, Arno"]
[Black "Dimitrov, Radoslav"]
[Result "*"]
[WhiteElo "2249"]
[BlackElo "2519"]
[Annotator "TA"]
[PlyCount "26"]
[EventDate "2020.02.22"]
[EventType "swiss"]
[EventCountry "FRA"]
[SourceTitle "playchess.com"]
[Source "ChessBase"]
[SourceQuality "1"]

{[%evp 9,26,12,37,8,10,12,31,0,0,0,12,12,20,17,15,6,12,18,15]} 1. d4 Nf6 2. Bg5 Ne4 3. Bf4 d5 4. e3 c5 5. Bd3 Nf6 6. Nc3 {A45: Trompowsky Attack.} c4 7. Be2 Bf5 8. Nf3 {White is slightly better.} e6 {The position is equal.} 9. O-O {[#]} a6 $146 ({Predecessor:} 9... Nc6 10. Nh4 Bg6 11. Nxg6 hxg6 12. h3 Rc8 13. Bf3 Bb4 14. Nb1 O-O 15. c3 Bd6 16. Bxd6 Qxd6 {1-0 (53) Foulds,E (2358)-Garus,E (2215) ICCF email 2015}) 10. Nh4 Bb4 11. Nxf5 exf5 12. Nb1 O-O 13. b3 b5 {Not much happened in this game. Accuracy: White = 71%, Black = 100%.} *

[Event "36th Cappelle Open 2020"]
[Site "Cappelle-la-Grande"]
[Date "2020.02.23"]
[Round "2.7"]
[White "Bellahcene, Bilel"]
[Black "Eynullayev, Altay"]
[Result "*"]
[WhiteElo "2510"]
[BlackElo "2269"]
[Annotator "TA"]
[PlyCount "29"]
[EventDate "2020.02.22"]
[EventType "swiss"]
[EventCountry "FRA"]
[SourceTitle "playchess.com"]
[Source "ChessBase"]
[SourceQuality "1"]

{[%evp 12,29,22,12,27,14,28,10,26,7,42,39,40,25,46,43,47,47,41,47]} 1. e4 c5 2. Nf3 d6 3. d4 cxd4 4. Nxd4 Nf6 5. Nc3 a6 6. Bg5 Nbd7 7. Bc4 Qb6 {7...Qb6 is better than 7...Qa5. B94: Sicilian Najdorf: 6 Bg5 Nbd7.} 8. Bb3 e6 9. Bxf6 Nxf6 {The position is equal.} 10. Qd2 g6 11. O-O-O Bd7 12. f4 Bh6 13. Kb1 {White is slightly better.} O-O-O 14. Rhf1 Kb8 {[#]} 15. h3 $146 {White took control after the opening. Accuracy: White = 100%, Black = 87%.} ({Predecessor:} 15. Qe1 Bg7 16. h3 Rhf8 17. f5 gxf5 18. exf5 e5 19. Nde2 Bc6 20. g4 h6 21. Qg3 {1-0 (71) Van Foreest,L (2521)-Bok,B (2645) Amsterdam 2019}) *

[Event "36th Cappelle Open 2020"]
[Site "Cappelle-la-Grande"]
[Date "2020.02.23"]
[Round "2.8"]
[White "Navrotescu, Andreea-Cristiana"]
[Black "Demuth, Adrien"]
[Result "*"]
[WhiteElo "2247"]
[BlackElo "2500"]
[Annotator "TA"]
[PlyCount "36"]
[EventDate "2020.02.22"]
[EventType "swiss"]
[EventCountry "FRA"]
[SourceTitle "playchess.com"]
[Source "ChessBase"]
[SourceQuality "1"]

{[%evp 10,23,0,0,23,22,12,9,7,0,15,0,0,-14,-13,-14]} 1. c4 c6 2. e4 d5 3. cxd5 cxd5 4. exd5 Nf6 5. Nc3 Nxd5 6. Nf3 Nxc3 {B10: Caro-Kann: 2 d3 and 2 c4.} (6... Nc6 {seems wilder.} 7. Bb5 e6 8. O-O Bd6 9. d4 O-O) 7. bxc3 e6 {The position is equal.} 8. d4 Qc7 9. Bd2 Nd7 10. Bd3 Bd6 11. O-O b6 12. Ng5 {[#] Not much happened in this game.} {Predecessor:} Nf6 $146 13. f4 h6 14. Nf3 Bb7 15. Ne5 O-O 16. Qe2 Rad8 17. Rae1 Rfe8 18. Qf2 a6 {½-½ (56) Iturrizaga Bonelli,E (2624)-Sethuraman,S (2631) Dubai 2018} *

[Event "36th Cappelle Open 2020"]
[Site "Cappelle-la-Grande"]
[Date "2020.02.23"]
[Round "2.9"]
[White "Grigorian, Roudolph"]
[Black "Sadikhov, Ulvi"]
[Result "*"]
[WhiteElo "2234"]
[BlackElo "2496"]
[Annotator "TA"]
[PlyCount "39"]
[EventDate "2020.02.22"]
[EventType "swiss"]
[EventCountry "FRA"]
[SourceTitle "playchess.com"]
[Source "ChessBase"]
[SourceQuality "1"]

{[%evp 13,14,4,2]} 1. e4 c5 2. Nf3 a6 3. d4 cxd4 4. Nxd4 Nf6 5. Nc3 e5 6. Nb3 Bb4 7. Bg5 h6 {[#]} {Predecessor:} 8. Bxf6 $146 {B28: Sicilian: 2 Nf3 a6 (O'Kelly Variation).} Bxc3+ 9. bxc3 Qxf6 10. Bc4 O-O 11. O-O Nc6 12. a4 d6 13. Bd5 Ne7 14. Na5 Rb8 15. Rb1 b6 16. Nc6 Nxc6 17. Bxc6 Qe7 18. Bd5 Qc7 19. c4 Bd7 20. c3 {0-1 (36) Lu,H (1862)-Bogachkova,A (2080) Tianjin 2019} *

[Event "36th Cappelle Open 2020"]
[Site "Cappelle-la-Grande"]
[Date "2020.02.23"]
[Round "2.10"]
[White "Sochacki, Christophe"]
[Black "Froeyman, Helmut"]
[Result "*"]
[WhiteElo "2478"]
[BlackElo "2251"]
[Annotator "TA"]
[PlyCount "30"]
[EventDate "2020.02.22"]
[EventType "swiss"]
[EventCountry "FRA"]
[SourceTitle "playchess.com"]
[Source "ChessBase"]
[SourceQuality "1"]

{[%evp 9,17,8,15,7,7,6,8,8,7,-7]} 1. Nf3 f5 2. d3 d6 3. e4 e5 4. Nc3 Nc6 5. exf5 Nge7 {The position is equal.} 6. d4 {A04: Unusual lines after 1 Nf3 and King's Indian Attack.} exd4 7. Nxd4 Nxd4 8. Qxd4 Nxf5 9. Qd3 {[#] A rather calm draw.} {Predecessor:} Be7 $146 10. Bd2 O-O 11. O-O-O c6 12. g4 Nh4 13. h3 Nf3 14. Be3 d5 15. Be2 Ne5 {½-½ (46) Malakhov,V (2694)-Ringoir,T (2506) Dubai 2014} *

[Event "36th Cappelle Open 2020"]
[Site "Cappelle-la-Grande"]
[Date "2020.02.23"]
[Round "2.11"]
[White "Sterck, Arno"]
[Black "Wiedenkeller, Michael"]
[Result "*"]
[WhiteElo "2227"]
[BlackElo "2455"]
[Annotator "ChessBase"]
[PlyCount "20"]
[EventDate "2020.02.22"]
[EventType "swiss"]
[EventCountry "FRA"]
[SourceTitle "playchess.com"]
[Source "ChessBase"]
[SourceQuality "1"]
[TimeControl "40/5400+30:1800+30"]

1. e4 {[%emt 0:00:00]} e5 {[%emt 0:00:01]} 2. Nf3 {[%emt 0:00:00]} Nc6 {[%emt 0:00:09]} 3. d4 {[%emt 0:00:19]} exd4 {[%emt 0:00:19]} 4. Nxd4 {[%emt 0:00:04]} Nf6 {[%emt 0:00:30]} 5. Nxc6 {[%emt 0:00:05]} bxc6 {[%emt 0:00:09]} 6. e5 {[%emt 0:00:02]} Qe7 {[%emt 0:02:20]} 7. Qe2 {[%emt 0:00:08]} Nd5 {[%emt 0:00:33]} 8. h4 {[%emt 0:02:24]} a5 {[%emt 0:04:06]} 9. g3 {[%emt 0:00:43]} Ba6 {[%emt 1:26:23]} 10. c4 {[%emt 0:00:08]} a4 {[%emt 0:12:44]} *

[Event "36th Cappelle Open 2020"]
[Site "Cappelle-la-Grande"]
[Date "2020.02.23"]
[Round "2.12"]
[White "Kollar, Romain"]
[Black "Dardha, Daniel"]
[Result "*"]
[WhiteElo "2216"]
[BlackElo "2442"]
[Annotator "ChessBase"]
[PlyCount "28"]
[EventDate "2020.02.22"]
[EventType "swiss"]
[EventCountry "FRA"]
[SourceTitle "playchess.com"]
[Source "ChessBase"]
[SourceQuality "1"]
[TimeControl "40/5400+30:1800+30"]

1. e4 {[%emt 0:00:00]} c5 {[%emt 0:11:44]} 2. Nf3 {[%emt 0:00:00]} Nc6 {[%emt 0:00:08]} 3. d4 {[%emt 0:00:04]} cxd4 {[%emt 0:00:07]} 4. Nxd4 {[%emt 0:00:08]} Nf6 {[%emt 0:00:03]} 5. Nc3 {[%emt 0:00:11]} e5 {[%emt 0:00:06]} 6. Ndb5 {[%emt 0:00:16]} d6 {[%emt 0:00:06]} 7. Bg5 {[%emt 0:00:24]} a6 {[%emt 0:00:05]} 8. Na3 {[%emt 0:00:04]} b5 {[%emt 0:00:04]} 9. Nd5 {[%emt 0:00:06]} Be7 {[%emt 0:00:04]} 10. Bxf6 {[%emt 0:00:10]} Bxf6 {[%emt 0:00:03]} 11. g3 {[%emt 0:00:34]} Bg5 {[%emt 0:02:29]} 12. Bg2 {[%emt 0:00:54]} O-O {[%emt 0:01:47]} 13. O-O {[%emt 1:33:39]} Be6 {[%emt 0:01:07]} 14. Qd3 {[%emt 0:05:30]} Qb8 {[%emt 0:11:24]} *

[Event "36th Cappelle Open 2020"]
[Site "Cappelle-la-Grande"]
[Date "2020.02.24"]
[Round "3.1"]
[White "Dardha, Daniel"]
[Black "Bauer, Christian"]
[Result "0-1"]
[WhiteElo "2442"]
[BlackElo "2630"]
[Annotator "TA"]
[PlyCount "90"]
[EventDate "2020.02.22"]
[EventType "swiss"]
[EventCountry "FRA"]
[SourceTitle "playchess.com"]
[Source "ChessBase"]
[SourceQuality "1"]

{[%evp 18,90,0,0,0,0,6,-80,-83,-110,-112,-97,-93,-119,-114,-155,-139,-129,-126,-200,-198,-190,-185,-294,-231,-364,-358,-389,-285,-283,-278,-259,-256,-272,-272,-283,-282,-306,-302,-295,-302,-311,-297,-333,-331,-327,-326,-392,-392,-392,-399,-391,-384,-599,-583,-555,-560,-597,-422,-579,-571,-612,-593,-575,-553,-914,-868,-968,-642,-616,-608,-566,-453,-441,-433]} 1. d4 g6 2. e4 Bg7 3. Nc3 d6 4. Nge2 a6 5. a4 Nc6 6. Be3 Nf6 7. h3 O-O 8. g3 e5 9. Bg2 exd4 10. Nxd4 Re8 {B07: Pirc Defence: Miscellaneous Systems.} 11. O-O Bd7 12. f4 {[#]} (12. Qd2 $11 {keeps the balance.}) 12... Nxe4 $1 $17 {[%mdl 512] Black is better.} 13. Nxe4 {[#] aiming for Bf2.} d5 $1 14. Nb3 Bf5 {[%mdl 64] [#] Pin} (14... Rxe4 $6 15. Bxe4 dxe4 16. Kh2 $11) 15. Nbc5 $146 ({Predecessor:} 15. Ng5 Rxe3 16. Bxd5 Rxg3+ 17. Kf2 Rxg5 18. fxg5 Qxg5 19. Bxc6 bxc6 20. Qf3 Bxc2 21. Qxc6 Qf4+ 22. Ke2 Qe5+ 23. Kf2 Be4 {0-1 (23) Yepes Martinez,E (2260)-Delchev,A (2548) Andorra 1999}) 15... Bxe4 16. Bxe4 dxe4 17. Qxd8 Raxd8 18. Nxb7 (18. Rad1 $17) 18... Rb8 $19 19. Nc5 Nd4 (19... Bxb2 20. Rab1 $15) 20. Nxa6 (20. Rab1 {is a better defense.}) 20... Rxb2 21. Nxc7 (21. Rad1 $142 Nf5 22. Rfe1) 21... Rc8 22. Nd5 {Strongly threatening Ne7+.} Rcxc2 {( -> ...Rg2+)} 23. Rfb1 Ne2+ {[%mdl 64] Double Attack} 24. Kf1 Nxg3+ 25. Ke1 Nf5 26. Rxb2 Bxb2 ({Don't play} 26... Rxb2 27. Rc1 $19) 27. Rd1 Rc4 28. Nb6 Rc6 ({Don't take} 28... Nxe3 29. Nxc4 Nxc4 30. Rd8+ Kg7 31. Ke2 $17) 29. Rb1 Bc3+ ({Less strong is} 29... Nxe3 30. Rxb2 Rc3 31. Ra2 $17) 30. Ke2 Ba5 31. Nd5 Rc2+ 32. Kd1 Nxe3+ 33. Nxe3 {[%mdl 4096] Endgame KRB-KRN} Rd2+ 34. Kc1 Rd4 35. Ng4 (35. Kc2 {was called for.}) 35... Bd2+ {Black is clearly winning.} 36. Kc2 Bxf4 37. a5 Ra4 38. Rb5 e3 39. Kd3 Ra3+ 40. Ke2 h5 41. Nf6+ Kg7 {Threatens to win with ...Ra2+.} 42. Ne4 Ra2+ 43. Kf3 e2 44. Rb1 Bc7 45. Re1 Ra3+ {White did not feel at home in the position after the opening. Accuracy: White = 43%, Black = 84%.} 0-1

[Event "36th Cappelle Open 2020"]
[Site "Cappelle-la-Grande"]
[Date "2020.02.24"]
[Round "3.2"]
[White "Martinez Alcantara, Jose Eduardo"]
[Black "Mohammad Nubairshah Shaikh"]
[Result "1/2-1/2"]
[WhiteElo "2617"]
[BlackElo "2415"]
[Annotator "TA"]
[PlyCount "67"]
[EventDate "2020.02.22"]
[EventType "swiss"]
[EventCountry "FRA"]
[SourceTitle "playchess.com"]
[Source "ChessBase"]
[SourceQuality "1"]

{[%evp 9,67,-6,2,3,27,30,45,45,39,37,38,39,38,22,26,8,50,51,91,94,81,77,68,68,82,73,92,72,93,96,104,65,64,64,70,62,69,39,30,12,17,18,33,10,20,0,10,0,0,-47,-52,-50,-23,-18,0,0,0,-12,0,0]} 1. e4 c6 2. Nf3 d5 3. d3 dxe4 4. dxe4 Qxd1+ 5. Kxd1 Nf6 6. Nfd2 {B10: Caro-Kann: 2 d3 and 2 c4.} g6 7. f3 Bg7 {[#]} 8. c3 $146 {White is slightly better.} ({Predecessor:} 8. a4 O-O 9. c3 Nbd7 10. Nb3 Ne5 11. Be3 Ne8 12. N1d2 f5 13. exf5 gxf5 14. f4 Ng4 15. Bg1 Nd6 16. Kc2 {½-½ (16) Santos Ruiz,M (2557)-Dreev,A (2657) Forni di Sopra 2019}) 8... O-O 9. Kc2 Ne8 10. Nb3 Nd6 11. Bg5 f6 12. Bh4 g5 13. Bg3 f5 14. N1d2 fxe4 15. Nxe4 Bf5 16. Nbd2 Nd7 17. Bd3 Nxe4 18. Bxe4 Nc5 19. Bxf5 Rxf5 20. Rhe1 Kf7 21. Nc4 Rd5 22. Ne3 Rd7 23. a4 h5 24. h4 gxh4 25. Bxh4 Bf6 26. Bxf6 exf6 27. b4 Nd3 28. Rh1 Re8 29. Nf5 (29. Rxh5 $5 {[%cal Rh5h7]} Rxe3 30. Rh7+ Ke6 31. Rxd7 Nxb4+ 32. cxb4 (32. Kd2 Kxd7 33. cxb4 Rb3 $17) 32... Kxd7 33. Rd1+ Ke6 34. Rd3 Re2+ 35. Rd2 $11) 29... Re2+ 30. Kb3 Rb2+ 31. Ka3 Rc2 {The position is equal.} 32. Kb3 Rb2+ 33. Ka3 Rc2 34. Kb3 {Accuracy: White = 87%, Black = 91%.} 1/2-1/2